| 000 | 01055nam a2200241 a 4500 | ||
|---|---|---|---|
| 001 | 000009681 | ||
| 003 | DO-SdBNP | ||
| 005 | 20260304130934.0 | ||
| 008 | 091001s1984 dr a r 000 0 spa d | ||
| 020 | _a844997738X | ||
| 040 |
_aDO-SdBNP _bspa _cDO-SdBNP |
||
| 082 |
_a RD861.44 _bB171ga |
||
| 100 | 1 |
_4Balaguer, Joaquín _d 1906-2002. _989126 |
|
| 245 | 1 | 0 |
_aGalería heróica / _cJoaquín Balaguer. |
| 260 |
_aBarcelona, España _bIndustrias Gráficas Manuel Pareja, _c1984. |
||
| 300 |
_a232 p. : _bil. ; _c29 cm. |
||
| 505 | _aPróceres de la independencia -- Próceres de la restauración -- Próceres de la intervención militar extranjera 1916-1924 -- Caudillos de las guerras civiles -- Del civismo dominicano -- Anecdotario histórico -- Personajes de la colonia -- Próceres de las letras -- Figuras universales -- Romances históricos -- Rasgos Biográficos. | ||
| 590 | _aInventariado, 2019/ YL | ||
| 650 | 4 |
_aPoesía dominicana _2LEMB |
|
| 650 | 4 |
_aPoesía patriótica dominicana _2LEMB _92762 |
|
| 942 |
_2ddc _cLF1 |
||
| 956 | _aVMateo | ||
| 999 |
_c9441 _d9441 |
||